Statistics for History by Letter - N

Click here to take the quiz!

General Stats

  • This quiz has been taken 37,302 times
  • The average score is 13 of 20

Answer Stats

HintAnswer% Correct
French conqueror defeated
at Waterloo
Napoleon
98%
Former fascist party of GermanyNazi
96%
Paris cathedral whose
construction began in 1163
Notre Dame
92%
The only U.S. President to resignRichard Nixon
91%
Major Italian city founded
as a Greek colony
Naples
83%
Roman emperor and lyre enthusiastNero
80%
Tsar overthrown in 1917Nicholas II
79%
Victorious admiral at TrafalgarHoratio Nelson
77%
Former name of New York CityNew Amsterdam
76%
Viking group that settled in France
and conquered England
Normans
66%
Province that joined Canada in 1949Newfoundland
65%
Country that once dominated
the spice trade
Netherlands
61%
Native American tribe employed as
"code talkers" during WWII
Navajo
61%
Most famous Egyptian queen,
besides Cleopatra
Nefertiti
56%
Massachusetts whaling islandNantucket
56%
Chinese city whose name means
"Southern Capital"
Nanjing
52%
Site of "The Troubles"Northern Ireland
43%
Largest city in the antebellum SouthNew Orleans
38%
Family that has dominated
Indian politics since independence
Nehru
35%
Historical region of northern SudanNubia
27%

Score Distribution

Percentile by Number Answered

Percent of People with Each Score

Your Score History

You have not taken this quiz